000 00409nam a2200181Ia 4500
005 20250603144444.0
008 250603s9999 xx 000 0 und d
020 _a9789332559561
050 _aTJ 213 .F75/
100 _aFreiedland, Bernard
245 0 _aAdvanced control system design
260 _aIndia
260 _bPearson
260 _c2016
300 _a368 p
650 _aIndia
942 _cBK
999 _c38973
_d38973